1048 1262 1357 1152 1640 1490 1003 1326 1623 1307 1984 1985 1100 1006 1384 1171 1371 1858 1039 1834 1443 1295 1549 1628 1928 1365 1470 1389 1662 1783 1097 1480 1388 1196 1346 1107 1353 1235 1024 1074 1800 1863 1789 1840 1648 1497 1577 1213 1313 1392 1440 1449 1904 1695 1548 1880 1208 1617 1995 1448 1078 1388 1921 1619 1011 1894 1512 1244 1025 1343 1709 1921 1965 1915 1993 1602 1306 1726 1591 1461 1356 1053 1696 1283 1236 1295 1850 1862 1753 1774 1138 1817 1364 1672 1887 1557 1486 1112 1908 BCNSPRNW ULIB Ver.6.0+V

เปลี่ยนเป็นภาษาไทย

Change to English
 แสดงรายละเอียดบรรณานุกรม
  กลับหน้าหลัก

Brief Record : Get Marc (ISO 2709) : E-mail record : QR code < ปิดหน้าต่าง
LEADER : 00000nam 2200000uu 4500
001    13399109600
003     ULIB
008    110405s2549||||th 000 0 tha d
020    9749498119
060 04 WB537^bค127น 2549
245 00 นวด...แก้ปวดสารพัดโรค /^cโดยคณาจารย์และกองบรรณาธิการนิตยสารบีเวลส์
250    พิมพ์ครั้งที่ 1
260    กรุงเทพฯ :^bเคล็ดไทย,^c2549
300    160 หน้า :^bภาพประกอบ ;^c21 ซม.
650  7 การนวด
710 2  นิตยสารบีเวลส
945    ^p140^l0^i021626
945    ^p140^l0^i021625
995    ทศพร
999 ^a ใช้งานได้ทุกระบบ
รายการนี้ยังไม่มีแท็ก
คุณยังไม่ได้ล็อกอิน คุณสามารถมีกิจกรรมร่วมกับเว็บไซต์ได้ แต่ต้องล็อกอินก่อน ::
  ล็อกอิน

รายการสื่อสารสนเทศ

ลำดับที่ ประเภท เลขเรียก/บาร์โค้ด สถานที่ สถานะ
- ไม่พบข้อมูล -

รายการใกล้เคียง
    หัวเรื่อง [การนวด]

BibComment


ยังไม่เคยถูกคอมเมนท์

คอมเมนท์ทรัพยากรรายการนี้
  คอมเมนท์: นวดแก้ปวดสารพัดโร..


 Copyright 2026. Bcnsprnw @Library